000 00628nam a2200169 i 4500
001 69340
003 ES-MaACL
005 20230906170510.0
007 t|
008 040705s1912 sp ||||1| spa d
100 1 _aGarcĂ­a Baxter, Francisco.
_954243
245 1 0 _aFundamento racional del derecho de propiedad y examen de las doctrinas que le justifican y combaten /
_cMemoria presentada por Francisco Garcia Baxter para obtener el grado de Doctor en Derecho.
260 _aMadrid :
_b[s.n.],
_c1912 (
_fInocente Calleja)
300 _a75 p. ;
_c22 cm.
650 4 _aPropiedad privada.
_9136779
852 _aES-MaACL
_jT-1309-F-4
999 _c69340
_d69340